000 00641nam a2200241Ia 4500
003 OSt
005 20221007064102.0
006 a|||||r|||| 00| 0
007 ta
008 221006b |||||||| |||| 00| 0 eng d
024 _a24,952
037 _cTextual
040 _aFLL
_cFLL
_beng
041 _2eng
_aeng
082 _aZ3;A, H8;K6
100 _aMcnair Lord
245 0 _aLegal effects of war
260 _aCambridge
_bThe University Press London
_c1966
300 _axlix,468p
_ccm.
700 _a Watts A. D.
_9685068
942 _hZ3;A, H8;K6
_cTEXL
_2CC
999 _c1132957
_d1132957